‎معنی د ر معنی : مجمو عہ مضا مين (Record no. 92294)

MARC details
000 -LEADER
fixed length control field 00738nam a22002297a 4500
005 - DATE AND TIME OF LATEST TRANSACTION
control field 20150318112535.0
008 - FIXED-LENGTH DATA ELEMENTS--GENERAL INFORMATION
fixed length control field 140714b xxu||||| |||| 00| 0 Urdu d
010 ## - LCCN (DPL NO)
LC control number UR-8735
020 q# - INTERNATIONAL STANDARD BOOK NUMBER
International Standard Book Number 9789380279046
Terms of availability 145.00
035 ## - SYSTEM CONTROL NUMBER
System control number U-7290
037 ## - SOURCE OF ACQUISITION
Source of stock number/acquisition DBAD/Pub.
040 ## - CATALOGING SOURCE
Original cataloging agency DPL
Language of cataloging Urdu
082 ## - DEWEY DECIMAL CLASSIFICATION NUMBER
Classification number 841.08
100 ## - MAIN ENTRY--PERSONAL NAME
Personal name شين کا ف نظا م
110 ## - MAIN ENTRY--CORPORATE NAME
Subordinate unit -
245 ## - TITLE STATEMENT
Title ‎معنی د ر معنی : مجمو عہ مضا مين
Statement of responsibility, etc شين کا ف نظا م
246 ## - VARYING FORM OF TITLE
Title proper/short title Maani Dar Maaani
Remainder of title By Sheen Kaaf Nizam
260 ## - PUBLICATION, DISTRIBUTION, ETC. (IMPRINT)
Place of publication, distribution, etc د ھلی
Name of publisher, distributor, etc Shahid Publications
Date of publication, distribution, etc 2010
270 ## - ADDRESS
Address 2253,Resham Street,Kucha Chelan, Darya Ganj,
City New Delhi
Postal code 110002
300 ## - PHYSICAL DESCRIPTION
Extent 310ص
Dimensions 22Cm (Hb)
942 ## - ADDED ENTRY ELEMENTS (KOHA)
Source of classification or shelving scheme Dewey Decimal Classification
Item type Urdu Bks
Classification part 841.8
Call number suffix ش ی ن
Holdings
Withdrawn status Lost status Source of classification or shelving scheme Damaged status Not for loan Collection code Home library Current library Date acquired Source of acquisition Cost, normal purchase price Total Checkouts Full call number Barcode Date last seen Copy number Cost, replacement price Koha item type
    Dewey Decimal Classification   Not For Loan Non-fiction D.B.Act.Division D.B.Act.Division 18/03/2015 DBAD/Pub. 145.00   841.8 ش ی ن U-7290 18/03/2015 1 145.00 Urdu Bks

© Delhi Public Library
Hit Counter
free hit counter